00301nam a2200133Ia 4500008004100000041000800041082001800049100001900067245001800086250001400104260002800118300001400146365000700160240624s9999 xx 000 0 und d aeng a650.01513 BRO aBROOKS LLOYD D aBUSINESS MATH a(3rd ed.) c2000aDelhibA.I.T.B.S. avi, : 666 cRS